LEADER 00986nam0-2200313---450- 001 990008823360403321 005 20090312131654.0 010 $a88-243-1832-0 035 $a000882336 035 $aFED01000882336 035 $a(Aleph)000882336FED01 035 $a000882336 100 $a20090312d2008----km-y0itay50------ba 101 0 $aita 102 $aIT 105 $ay-------001yy 200 1 $a<>autorità di vigilanza sul mercato immobiliare$ei custodi incustoditi$fMargherita Poto 210 $aNapoli$cJovene$d©2008 215 $aXIV, 276 p.$d24 cm 225 1 $aMemorie del Dipartimento di scienze giuridiche$fUniversità di Torino$hSerie 5$iMemoria$v37 676 $a346.092$v21$zita 700 1$aPoto,$bMargherita$0505082 801 0$aIT$bUNINA$gRICA$2UNIMARC 901 $aBK 912 $a990008823360403321 952 $aUniversità 553 (37)$b52162*$fFGBC 959 $aFGBC 996 $aAutorità di vigilanza sul mercato immobiliare$9805928 997 $aUNINA LEADER 01129cam0-22003731i-450- 001 990006881980403321 005 20070227142527.0 035 $a000688198 035 $aFED01000688198 035 $a(Aleph)000688198FED01 035 $a000688198 100 $a20010426d1999----km-y0itay50------ba 101 0 $aita 102 $aIT 105 $ay-------001yy 200 1 $a<>enti non commerciali e le Onlus$e(D.Lgs. 460/97)$egli aspetti giuridici, amministrativi e contabili$el'imposizione diretta e indiretta$fGaetano De Vito 205 $a2. ed. 210 $aMilano$cGiuffrè$d1999 215 $aXIV, 306 p.$d24 cm 225 1 $aCosa & come$iTributi 610 0 $aEnti senza scopo di lucro - Tributi - Legislazione 676 $a343.45066$v11$zit 700 1$aDe Vito,$bGaetano$0139827 801 0$aIT$bUNINA$gRICA$2UNIMARC 901 $aBK 912 $a990006881980403321 952 $aVI H 714$b33814$fFSPBC 952 $aH 1093$b1373$fDSS 952 $aDT III/257$b16452$fDEC 959 $aFSPBC 959 $aDSS 959 $aDEC 996 $aEnti non commerciali e le Onlus$9625486 997 $aUNINA LEADER 00843nam0-22002891i-450- 001 990002512780403321 010 1$a0803924259 035 $a000251278 035 $aFED01000251278 035 $a(Aleph)000251278FED01 035 $a000251278 100 $a20000920d1985----km-y0itay50------ba 101 1$aENG 200 1 $aStochastic Parameter Regression Models$fPaul Newbold$gTheodore Bos. 210 $aBeverly Hills$cSage$d1985. 215 $a80 p.$d22 cm 610 0 $aManuali generali di consultazione, Serie, Tecniche di rilevazione 700 1$aNewbold,$bPaul$088997 702 1$aBos,$bTheodore 801 0$aIT$bUNINA$gRICA$2UNIMARC 901 $aBK 912 $a990002512780403321 952 $aXXIX-D-36$b131$fMAS 959 $aMAS 996 $aStochastic Parameter Regression Models$9439516 997 $aUNINA DB $aING01 LEADER 00939nam0-22003011i-450- 001 990002035240403321 005 20090515135656.0 035 $a000203524 035 $aFED01000203524 035 $a(Aleph)000203524FED01 035 $a000203524 100 $a20030910d1943----km-y0itay50------ba 101 0 $aeng 200 1 $aMonograph of the West Indian beetles of the family Staphylinidae$fRichard E. Blackwelder 210 $aWashington$cSmithsonian Institution$d1943 215 $a658 p.$d25 cm 225 1 $aBulletin United States National Museum$v182 610 0 $aColeotteri 610 0 $aStafilinidi 676 $a595.7642 700 1$aBlackwelder,$bRichard E.$063196 801 0$aIT$bUNINA$gRICA$2UNIMARC 901 $aBK 912 $a990002035240403321 952 $a61 V B.5/04$b2857 (4/7/91)$fDAGEN 959 $aDAGEN 996 $aMonograph of the West Indian beetles of the family Staphylinidae$9404492 997 $aUNINA